[Event "2015 US Junior Closed Championship"]
[Site "Chess Club and Scholastic Center of Saint Louis"]
[Date "2015.07.11"]
[Round "5.3"]
[White "Liang, Awonder"]
[Black "Harmon-Vellotti, Luke"]
[Result "0-1"]
[LiveChessVersion "1.4.6"]
[BlackElo "2526"]
[WhiteElo "2428"]

1. d4 {[%clk 1:30:57]} Nf6 {[%clk 1:30:47]} 2. c4 {[%clk 1:31:21]} e6
{[%clk 1:31:00]} 3. Nc3 {[%clk 1:31:43]} Bb4 {[%clk 1:31:09]} 4. f3
{[%clk 1:31:53]} d5 {[%clk 1:31:24]} 5. a3 {[%clk 1:31:57]} Bxc3+
{[%clk 1:31:42]} 6. bxc3 {[%clk 1:32:26]} c5 {[%clk 1:31:55]} 7. cxd5
{[%clk 1:32:16]} Nxd5 {[%clk 1:31:57]} 8. dxc5 {[%clk 1:32:36]} Qa5
{[%clk 1:31:53]} 9. e4 {[%clk 1:32:10]} Ne7 {[%clk 1:31:55]} 10. Be3
{[%clk 1:30:34]} O-O {[%clk 1:31:08]} 11. Qb3 {[%clk 1:29:36]} Qc7
{[%clk 1:30:36]} 12. Bb5 {[%clk 1:29:20]} e5 {[%clk 1:27:40]} 13. Ne2
{[%clk 1:29:34]} Nec6 {[%clk 1:27:03]} 14. O-O {[%clk 1:27:07]} Be6
{[%clk 1:25:26]} 15. Qc2 {[%clk 1:26:32]} Na5 {[%clk 1:21:59]} 16. Ng3
{[%clk 1:24:01]} Nb3 {[%clk 1:01:19]} 17. Rab1 {[%clk 0:58:43]} a6
{[%clk 0:58:48]} 18. Be2 {[%clk 0:53:54]} Nxc5 {[%clk 0:58:17]} 19. f4
{[%clk 0:46:55]} exf4 {[%clk 0:52:03]} 20. Bxf4 {[%clk 0:44:16]} Qe7
{[%clk 0:49:59]} 21. Qd2 {[%clk 0:30:37]} Rd8 {[%clk 0:40:31]} 22. Qe3
{[%clk 0:24:50]} Nc6 {[%clk 0:31:30]} 23. e5 {[%clk 0:20:48]} Rd5
{[%clk 0:29:48]} 24. Nh5 {[%clk 0:19:01]} Bf5 {[%clk 0:27:26]} 25. Bc4
{[%clk 0:15:03]} Bxb1 {[%clk 0:13:32]} 26. Bxd5 {[%clk 0:15:06]} Bg6
{[%clk 0:13:58]} 27. Nxg7 {[%clk 0:13:45]} Nd3 {[%clk 0:10:47]} 28. Bxc6
{[%clk 0:08:29]} bxc6 {[%clk 0:09:54]} 29. Nh5 {[%clk 0:07:37]} Bxh5
{[%clk 0:08:14]} 30. Qxd3 {[%clk 0:07:59]} Qc5+ {[%clk 0:06:21]} 31. Be3
{[%clk 0:04:26]} Qd5 {[%clk 0:06:04]} 32. Qf5 {[%clk 0:04:36]} Bg6
{[%clk 0:06:31]} 33. Qf6 {[%clk 0:04:39]} Re8 {[%clk 0:06:22]} 34. Bf4
{[%clk 0:03:54]} Re6 {[%clk 0:06:18]} 35. Qg5 {[%clk 0:04:22]} h6
{[%clk 0:05:15]} 36. Qg3 {[%clk 0:04:16]} Kh7 {[%clk 0:05:36]} 37. Qh4
{[%clk 0:03:15]} Be4 {[%clk 0:05:09]} 38. Bg3 {[%clk 0:02:51]} Rg6
{[%clk 0:04:17]} 39. Qh3 {[%clk 0:01:46]} Qc5+ {[%clk 0:03:26]} 40. Kh1
{[%clk 0:31:36]} Qc4 {[%clk 0:33:25]} 41. Kg1 {[%clk 0:28:40]} Qc5+
{[%clk 0:31:17]} 42. Kh1 {[%clk 0:21:29]} Qc4 {[%clk 0:29:24]} 43. Kg1
{[%clk 0:21:34]} Bd5 {[%clk 0:24:31]} 44. Qd7 {[%clk 0:15:18]} Qe4
{[%clk 0:24:04]} 45. Rf3 {[%clk 0:14:13]} Qb1+ {[%clk 0:23:44]} 46. Rf1
{[%clk 0:14:39]} Qc2 {[%clk 0:24:05]} 47. Rf2 {[%clk 0:12:58]} Qc1+
{[%clk 0:24:30]} 48. Rf1 {[%clk 0:13:24]} Qe3+ {[%clk 0:24:58]} 49. Rf2
{[%clk 0:13:44]} Rg5 {[%clk 0:17:59]} 50. c4 {[%clk 0:11:37]} Qc1+
{[%clk 0:18:20]} 51. Rf1 {[%clk 0:12:02]} Qxc4 {[%clk 0:18:45]} 52. Qb7
{[%clk 0:11:58]} Qc5+ {[%clk 0:15:45]} 53. Kh1 {[%clk 0:08:32]} Qc2
{[%clk 0:15:40]} 54. Qb1 {[%clk 0:08:18]} Bxg2+ {[%clk 0:16:06]} 55. Kg1
{[%clk 0:08:46]} Qxb1 {[%clk 0:16:30]} 56. Rxb1 {[%clk 0:09:15]} Bd5
{[%clk 0:16:52]} 57. Rb6 {[%clk 0:08:45]} h5 {[%clk 0:16:59]} 58. Kf2
{[%clk 0:07:00]} a5 {[%clk 0:08:31]} 59. Ra6 {[%clk 0:06:53]} Rf5+
{[%clk 0:07:53]} 60. Kg1 {[%clk 0:07:02]} Rg5 {[%clk 0:08:09]} 61. Kf2
{[%clk 0:07:27]} Rg4 {[%clk 0:08:29]} 62. e6 {[%clk 0:05:54]} fxe6
{[%clk 0:07:59]} 63. Rxa5 {[%clk 0:06:17]} h4 {[%clk 0:07:52]} 64. Bd6
{[%clk 0:06:35]} Kg6 {[%clk 0:07:20]} 65. Ke3 {[%clk 0:06:20]} e5
{[%clk 0:06:50]} 66. Ra8 {[%clk 0:06:22]} Kf7 {[%clk 0:06:33]} 67. a4
{[%clk 0:05:37]} Ke6 {[%clk 0:05:20]} 68. Bc7 {[%clk 0:05:59]} Rg2
{[%clk 0:05:07]} 69. a5 {[%clk 0:05:12]} Rxh2 {[%clk 0:04:51]} 70. a6
{[%clk 0:05:41]} Ra2 {[%clk 0:04:43]} 71. Rh8 {[%clk 0:04:49]} h3
{[%clk 0:04:47]} 72. Rh6+ {[%clk 0:03:15]} Kf5 {[%clk 0:04:55]} 73. Bd6
{[%clk 0:03:24]} h2 {[%clk 0:05:08]} 0-1

[Event "2015 US Junior Closed Championship"]
[Site "Chess Club and Scholastic Center of Saint Louis"]
[Date "2015.07.11"]
[Round "5.4"]
[White "Han, Curran"]
[Black "Shen, Arthur"]
[Result "0-1"]
[LiveChessVersion "1.4.6"]
[BlackElo "2477"]
[WhiteElo "2211"]

1. d4 {[%clk 1:30:58]} Nf6 {[%clk 1:30:54]} 2. c4 {[%clk 1:31:25]} g6
{[%clk 1:31:18]} 3. Nf3 {[%clk 1:31:45]} Bg7 {[%clk 1:31:41]} 4. Nc3
{[%clk 1:32:04]} d5 {[%clk 1:32:05]} 5. Bg5 {[%clk 1:27:37]} Ne4 {[%clk 1:31:57]}
6. Bh4 {[%clk 1:28:02]} Nxc3 {[%clk 1:32:13]} 7. bxc3 {[%clk 1:28:29]} dxc4
{[%clk 1:30:38]} 8. Qa4+ {[%clk 1:28:47]} Nd7 {[%clk 1:26:51]} 9. Qxc4
{[%clk 1:26:37]} O-O {[%clk 1:26:17]} 10. e3 {[%clk 1:25:50]} b6 {[%clk 1:25:53]}
11. Qc6 {[%clk 1:18:07]} Rb8 {[%clk 1:24:56]} 12. Qa4 {[%clk 1:14:46]} a6
{[%clk 1:14:55]} 13. Qa3 {[%clk 1:13:07]} c5 {[%clk 1:13:16]} 14. Be2
{[%clk 1:11:34]} Bb7 {[%clk 1:12:53]} 15. O-O {[%clk 1:11:51]} Re8
{[%clk 1:01:25]} 16. Rad1 {[%clk 1:04:32]} Qc8 {[%clk 0:57:33]} 17. Bg3
{[%clk 1:04:13]} Ra8 {[%clk 0:57:19]} 18. c4 {[%clk 0:58:42]} e5 {[%clk 0:53:40]}
19. dxe5 {[%clk 0:50:30]} Nxe5 {[%clk 0:53:31]} 20. Nxe5 {[%clk 0:48:10]} Bxe5
{[%clk 0:53:55]} 21. Bxe5 {[%clk 0:48:12]} Rxe5 {[%clk 0:54:20]} 22. Rd6
{[%clk 0:47:21]} Qc7 {[%clk 0:46:35]} 23. Rfd1 {[%clk 0:46:48]} Bc6
{[%clk 0:40:57]} 24. Qb2 {[%clk 0:39:22]} Rae8 {[%clk 0:38:09]} 25. Bf1
{[%clk 0:36:54]} R5e6 {[%clk 0:34:45]} 26. R6d2 {[%clk 0:35:16]} Ba4
{[%clk 0:29:21]} 27. Rb1 {[%clk 0:34:48]} b5 {[%clk 0:27:41]} 28. Qc1
{[%clk 0:23:08]} b4 {[%clk 0:27:28]} 29. Be2 {[%clk 0:22:45]} Bc6
{[%clk 0:26:36]} 30. Qd1 {[%clk 0:20:50]} a5 {[%clk 0:22:20]} 31. Bf3
{[%clk 0:20:50]} Bxf3 {[%clk 0:17:43]} 32. Qxf3 {[%clk 0:21:01]} Rd6
{[%clk 0:14:12]} 33. Rxd6 {[%clk 0:20:58]} Qxd6 {[%clk 0:14:37]} 34. Rd1
{[%clk 0:21:14]} Qe5 {[%clk 0:13:41]} 35. Qc6 {[%clk 0:21:15]} Kg7
{[%clk 0:13:33]} 36. g3 {[%clk 0:20:15]} Re6 {[%clk 0:10:30]} 37. Qb5
{[%clk 0:19:24]} Qc7 {[%clk 0:05:28]} 38. Rd7 {[%clk 0:19:02]} Qc8
{[%clk 0:05:55]} 39. Rd5 {[%clk 0:18:55]} Rc6 {[%clk 0:04:33]} 40. Qxa5
{[%clk 0:49:07]} h5 {[%clk 0:34:24]} 41. h4 {[%clk 0:47:23]} Qg4 {[%clk 0:24:15]}
42. Qa4 {[%clk 0:39:28]} Qe6 {[%clk 0:20:28]} 43. Qc2 {[%clk 0:34:49]} Qf6
{[%clk 0:20:18]} 44. Kg2 {[%clk 0:33:46]} Qa1 {[%clk 0:17:02]} 45. Rd1
{[%clk 0:29:26]} Qe5 {[%clk 0:17:22]} 46. Rd5 {[%clk 0:27:33]} Qa1
{[%clk 0:17:47]} 47. Qa4 {[%clk 0:26:58]} Rf6 {[%clk 0:17:24]} 48. Rd2
{[%clk 0:26:54]} Qe5 {[%clk 0:13:47]} 49. Qa8 {[%clk 0:26:09]} Qc3
{[%clk 0:13:11]} 50. Rd8 {[%clk 0:24:53]} Rf5 {[%clk 0:12:44]} 51. Rd1
{[%clk 0:10:22]} Qxc4 {[%clk 0:11:43]} 52. Rd2 {[%clk 0:10:28]} Qc3
{[%clk 0:10:09]} 53. Qd8 {[%clk 0:10:01]} c4 {[%clk 0:09:36]} 54. Qd7
{[%clk 0:07:31]} Qe5 {[%clk 0:09:10]} 55. Qb7 {[%clk 0:07:09]} Qc5
{[%clk 0:08:46]} 56. Rc2 {[%clk 0:05:11]} c3 {[%clk 0:08:38]} 57. a3
{[%clk 0:03:42]} bxa3 {[%clk 0:08:15]} 58. Qb3 {[%clk 0:04:07]} Qd5+
{[%clk 0:08:26]} 59. Qxd5 {[%clk 0:04:25]} Rxd5 {[%clk 0:08:52]} 60. Rxc3
{[%clk 0:04:52]} Ra5 {[%clk 0:09:16]} 61. Rc1 {[%clk 0:05:18]} a2
{[%clk 0:09:33]} 62. Ra1 {[%clk 0:05:46]} Kf6 {[%clk 0:09:57]} 63. Kf3
{[%clk 0:05:56]} Ke5 {[%clk 0:09:51]} 64. Ke2 {[%clk 0:06:07]} Ra3
{[%clk 0:08:45]} 65. Kd2 {[%clk 0:03:54]} Ke4 {[%clk 0:09:07]} 66. Ke2
{[%clk 0:04:18]} f5 {[%clk 0:08:15]} 67. f3+ {[%clk 0:03:23]} Kd5
{[%clk 0:08:41]} 68. Kd2 {[%clk 0:03:28]} Kc4 {[%clk 0:09:02]} 0-1

[Event "2015 US Junior Closed Championship"]
[Site "Chess Club and Scholastic Center of Saint Louis"]
[Date "2015.07.11"]
[Round "5.5"]
[White "Brattain, Mika"]
[Black "Bodek, Michael"]
[Result "1/2-1/2"]
[LiveChessVersion "1.4.6"]
[BlackElo "2527"]
[WhiteElo "2457"]

1. c4 {[%clk 1:30:58]} e6 {[%clk 1:30:49]} 2. Nc3 {[%clk 1:31:23]} Nf6
{[%clk 1:31:13]} 3. e4 {[%clk 1:31:49]} c5 {[%clk 1:31:28]} 4. e5
{[%clk 1:32:12]} Ng8 {[%clk 1:31:53]} 5. Nf3 {[%clk 1:32:38]} Nc6
{[%clk 1:32:18]} 6. d4 {[%clk 1:33:04]} cxd4 {[%clk 1:32:40]} 7. Nxd4
{[%clk 1:33:30]} Nxe5 {[%clk 1:33:01]} 8. Ndb5 {[%clk 1:33:54]} a6
{[%clk 1:33:15]} 9. Nd6+ {[%clk 1:34:20]} Bxd6 {[%clk 1:33:40]} 10. Qxd6
{[%clk 1:34:46]} f6 {[%clk 1:34:03]} 11. Be3 {[%clk 1:35:02]} Ne7
{[%clk 1:34:03]} 12. Bb6 {[%clk 1:35:27]} Nf5 {[%clk 1:34:28]} 13. Qb4
{[%clk 1:35:54]} Nc6 {[%clk 1:27:16]} 14. Qc5 {[%clk 1:33:47]} Qe7
{[%clk 1:27:29]} 15. Qxe7+ {[%clk 1:32:42]} Nfxe7 {[%clk 1:27:46]} 16. c5
{[%clk 0:55:54]} Nb4 {[%clk 0:59:12]} 17. O-O-O {[%clk 0:50:09]} Ned5
{[%clk 0:54:44]} 18. Nxd5 {[%clk 0:36:59]} Nxd5 {[%clk 0:54:45]} 19. Ba5
{[%clk 0:36:30]} d6 {[%clk 0:39:37]} 20. Bc4 {[%clk 0:34:28]} dxc5
{[%clk 0:39:19]} 21. Bxd5 {[%clk 0:34:37]} exd5 {[%clk 0:39:29]} 22. Rxd5
{[%clk 0:34:18]} Be6 {[%clk 0:37:53]} 23. Rxc5 {[%clk 0:34:01]} O-O
{[%clk 0:36:07]} 24. a3 {[%clk 0:25:56]} Rac8 {[%clk 0:34:11]} 25. Rxc8
{[%clk 0:26:20]} Rxc8+ {[%clk 0:34:34]} 26. Bc3 {[%clk 0:26:09]} Bd5
{[%clk 0:32:38]} 27. f3 {[%clk 0:26:26]} Kf7 {[%clk 0:31:46]} 28. Kd2
{[%clk 0:26:45]} Rd8 {[%clk 0:30:16]} 29. Ke3 {[%clk 0:26:52]} Bc6
{[%clk 0:29:14]} 30. Re1 {[%clk 0:27:00]} Re8+ {[%clk 0:27:59]} 31. Kf2
{[%clk 0:26:38]} Rxe1 {[%clk 0:28:20]} 32. Bxe1 {[%clk 0:26:57]} Ke6
{[%clk 0:28:43]} 1/2-1/2

[Event "2015 US Junior Closed Championship"]
[Site "Chess Club and Scholastic Center of Saint Louis"]
[Date "2015.07.12"]
[Round "6.1"]
[White "Chandra, Akshat"]
[Black "Bodek, Michael"]
[Result "1/2-1/2"]
[LiveChessVersion "1.4.6"]
[BlackElo "2527"]
[WhiteElo "2589"]

1. d4 {[%clk 1:30:57]} Nf6 {[%clk 1:30:43]} 2. c4 {[%clk 1:31:22]} e6
{[%clk 1:31:09]} 3. Nf3 {[%clk 1:31:39]} d5 {[%clk 1:31:32]} 4. Nc3
{[%clk 1:32:03]} dxc4 {[%clk 1:31:45]} 5. e4 {[%clk 1:32:01]} Bb4
{[%clk 1:31:47]} 6. Bxc4 {[%clk 1:31:40]} Nxe4 {[%clk 1:31:50]} 7. O-O
{[%clk 1:32:05]} Nxc3 {[%clk 1:29:29]} 8. bxc3 {[%clk 1:32:28]} Bxc3
{[%clk 1:29:37]} 9. Rb1 {[%clk 1:01:40]} c5 {[%clk 1:28:58]} 10. dxc5
{[%clk 0:22:51]} Qxd1 {[%clk 1:23:08]} 11. Rxd1 {[%clk 0:23:14]} Bf6
{[%clk 1:04:09]} 12. Bb5+ {[%clk 0:18:36]} Bd7 {[%clk 1:02:40]} 13. Bxd7+
{[%clk 0:17:21]} Nxd7 {[%clk 1:03:03]} 14. Rxb7 {[%clk 0:17:20]} Nxc5
{[%clk 1:01:15]} 15. Rc7 {[%clk 0:17:36]} Na6 {[%clk 0:58:04]} 16. Rb7
{[%clk 0:15:33]} Nc5 {[%clk 0:57:50]} 17. Rc7 {[%clk 0:15:58]} Na6
{[%clk 0:45:41]} 18. Rb7 {[%clk 0:15:58]} Nc5 {[%clk 0:31:17]} 1/2-1/2

[Event "2015 US Junior Closed Championship"]
[Site "Chess Club and Scholastic Center of Saint Louis"]
[Date "2015.07.12"]
[Round "6.2"]
[White "Li, Ruifeng"]
[Black "Xiong, Jeffery"]
[Result "1/2-1/2"]
[LiveChessVersion "1.4.6"]
[BlackElo "2606"]
[WhiteElo "2502"]

1. e4 {[%clk 1:30:58]} e6 {[%clk 1:30:53]} 2. d4 {[%clk 1:25:17]} d5
{[%clk 1:31:14]} 3. Nd2 {[%clk 1:22:42]} Be7 {[%clk 1:31:06]} 4. Ngf3
{[%clk 1:19:11]} Nf6 {[%clk 1:30:40]} 5. Bd3 {[%clk 1:17:59]} c5 {[%clk 1:30:53]}
6. c3 {[%clk 1:11:50]} cxd4 {[%clk 1:21:16]} 7. cxd4 {[%clk 1:10:16]} dxe4
{[%clk 1:21:34]} 8. Nxe4 {[%clk 1:10:39]} Nxe4 {[%clk 1:17:46]} 9. Bxe4
{[%clk 1:11:04]} Bb4+ {[%clk 1:13:41]} 10. Bd2 {[%clk 1:02:24]} Bxd2+
{[%clk 1:13:34]} 11. Qxd2 {[%clk 1:02:47]} Nd7 {[%clk 1:13:51]} 12. O-O-O
{[%clk 0:54:06]} Nf6 {[%clk 1:12:53]} 13. Bc2 {[%clk 0:54:31]} Bd7
{[%clk 1:09:44]} 14. Ne5 {[%clk 0:53:36]} Bc6 {[%clk 1:08:37]} 15. Kb1
{[%clk 0:51:32]} O-O {[%clk 1:07:47]} 16. f3 {[%clk 0:40:07]} Rc8
{[%clk 1:00:48]} 17. g4 {[%clk 0:39:10]} Nd7 {[%clk 0:58:10]} 18. Qd3
{[%clk 0:38:31]} g6 {[%clk 0:58:24]} 19. Nxc6 {[%clk 0:36:26]} Rxc6
{[%clk 0:57:41]} 20. h4 {[%clk 0:36:05]} Qf6 {[%clk 0:54:27]} 21. h5
{[%clk 0:32:17]} Rd8 {[%clk 0:52:17]} 22. hxg6 {[%clk 0:31:49]} hxg6
{[%clk 0:51:23]} 23. f4 {[%clk 0:29:48]} Rdc8 {[%clk 0:36:07]} 24. Rh2
{[%clk 0:26:36]} Qxf4 {[%clk 0:24:07]} 25. Qh3 {[%clk 0:24:59]} Kf8
{[%clk 0:20:55]} 26. Rf1 {[%clk 0:20:01]} Qxd4 {[%clk 0:18:56]} 27. Bxg6
{[%clk 0:18:04]} Ne5 {[%clk 0:10:00]} 28. Qh6+ {[%clk 0:17:31]} Ke8
{[%clk 0:10:29]} 29. Rd2 {[%clk 0:15:27]} Qxg4 {[%clk 0:07:29]} 30. Qh8+
{[%clk 0:15:12]} Ke7 {[%clk 0:07:57]} 31. Qf6+ {[%clk 0:15:12]} Kf8
{[%clk 0:08:25]} 32. Rd8+ {[%clk 0:12:51]} Rxd8 {[%clk 0:08:53]} 33. Qxd8+
{[%clk 0:13:15]} Kg7 {[%clk 0:09:18]} 34. Qf6+ {[%clk 0:13:34]} Kf8
{[%clk 0:09:31]} 35. Bxf7 {[%clk 0:12:51]} Qe4+ {[%clk 0:09:50]} 36. Ka1
{[%clk 0:13:17]} Qf5 {[%clk 0:09:51]} 37. Qh8+ {[%clk 0:09:42]} Kxf7
{[%clk 0:09:41]} 38. Rxf5+ {[%clk 0:10:07]} exf5 {[%clk 0:10:06]} 39. a4
{[%clk 0:09:23]} Rf6 {[%clk 0:09:33]} 40. Qb8 {[%clk 0:38:48]} 1/2-1/2

[Event "2015 US Junior Closed Championship"]
[Site "Chess Club and Scholastic Center of Saint Louis"]
[Date "2015.07.12"]
[Round "6.3"]
[White "Harmon-Vellotti, Luke"]
[Black "Han, Curran"]
[Result "1/2-1/2"]
[LiveChessVersion "1.4.6"]
[BlackElo "2211"]
[WhiteElo "2526"]

1. d4 {[%clk 1:30:57]} Nf6 {[%clk 1:30:56]} 2. c4 {[%clk 1:31:15]} g6
{[%clk 1:31:22]} 3. Nc3 {[%clk 1:31:30]} d5 {[%clk 1:31:47]} 4. Nf3
{[%clk 1:31:32]} Bg7 {[%clk 1:32:13]} 5. Bg5 {[%clk 1:31:33]} Ne4
{[%clk 1:32:36]} 6. Bh4 {[%clk 1:31:38]} Nxc3 {[%clk 1:33:01]} 7. bxc3
{[%clk 1:31:44]} dxc4 {[%clk 1:33:25]} 8. e3 {[%clk 1:31:34]} b5 {[%clk 1:33:39]}
9. a4 {[%clk 1:30:58]} c6 {[%clk 1:33:59]} 10. Be2 {[%clk 1:27:20]} a6
{[%clk 1:33:37]} 11. O-O {[%clk 1:27:37]} O-O {[%clk 1:30:28]} 12. Nd2
{[%clk 1:27:29]} Re8 {[%clk 1:24:04]} 13. Bf3 {[%clk 1:25:37]} Bb7
{[%clk 1:22:40]} 14. Qb1 {[%clk 1:14:45]} Qc8 {[%clk 1:19:48]} 15. Qb4
{[%clk 1:07:43]} c5 {[%clk 0:59:31]} 16. Bxb7 {[%clk 1:03:58]} cxb4
{[%clk 0:57:52]} 17. Bxc8 {[%clk 1:04:23]} Rxc8 {[%clk 0:56:30]} 18. axb5
{[%clk 1:03:05]} bxc3 {[%clk 0:53:44]} 19. Ne4 {[%clk 1:03:13]} Nd7
{[%clk 0:53:23]} 20. bxa6 {[%clk 0:59:01]} e5 {[%clk 0:52:38]} 21. d5
{[%clk 0:54:17]} f5 {[%clk 0:49:01]} 22. Nxc3 {[%clk 0:24:00]} e4
{[%clk 0:49:23]} 23. Rfc1 {[%clk 0:24:26]} Nc5 {[%clk 0:48:29]} 24. d6
{[%clk 0:21:52]} Rc6 {[%clk 0:39:50]} 25. a7 {[%clk 0:17:31]} Rxd6
{[%clk 0:39:17]} 26. Be7 {[%clk 0:11:26]} Rc6 {[%clk 0:39:01]} 27. Bxc5
{[%clk 0:09:15]} Rxc5 {[%clk 0:39:25]} 28. Rcb1 {[%clk 0:06:27]} Rcc8
{[%clk 0:32:44]} 29. Nd5 {[%clk 0:05:08]} Bxa1 {[%clk 0:33:05]} 30. Ne7+
{[%clk 0:05:04]} Kf8 {[%clk 0:32:35]} 31. Nxc8 {[%clk 0:05:00]} Be5
{[%clk 0:33:01]} 32. Nb6 {[%clk 0:04:10]} Rxa7 {[%clk 0:33:26]} 33. Nxc4
{[%clk 0:04:38]} Ra1 {[%clk 0:33:46]} 34. Rxa1 {[%clk 0:03:36]} Bxa1
{[%clk 0:34:10]} 35. f3 {[%clk 0:03:52]} exf3 {[%clk 0:34:35]} 36. gxf3
{[%clk 0:04:15]} Kf7 {[%clk 0:34:54]} 37. Kf2 {[%clk 0:04:06]} Ke6
{[%clk 0:35:08]} 38. e4 {[%clk 0:03:47]} Bd4+ {[%clk 0:35:22]} 39. Kg3
{[%clk 0:04:04]} fxe4 {[%clk 0:35:42]} 40. fxe4 {[%clk 0:34:31]} Be5+
{[%clk 1:05:47]} 41. Nxe5 {[%clk 0:34:41]} Kxe5 {[%clk 1:06:14]} 42. Kf3
{[%clk 0:35:04]} g5 {[%clk 1:06:12]} 43. Kg4 {[%clk 0:35:09]} 1/2-1/2

[Event "2015 US Junior Closed Championship"]
[Site "Chess Club and Scholastic Center of Saint Louis"]
[Date "2015.07.12"]
[Round "6.4"]
[White "Liou, Yian"]
[Black "Liang, Awonder"]
[Result "1/2-1/2"]
[LiveChessVersion "1.4.6"]
[BlackElo "2428"]
[WhiteElo "2501"]

1. e4 {[%clk 1:30:58]} c5 {[%clk 1:30:56]} 2. Nf3 {[%clk 1:31:26]} d6
{[%clk 1:31:20]} 3. d4 {[%clk 1:31:54]} cxd4 {[%clk 1:31:43]} 4. Qxd4
{[%clk 1:32:20]} Nf6 {[%clk 1:31:39]} 5. c4 {[%clk 1:30:15]} Nc6 {[%clk 1:30:59]}
6. Qe3 {[%clk 1:30:12]} Bg4 {[%clk 1:27:59]} 7. Be2 {[%clk 1:29:39]} g6
{[%clk 1:27:49]} 8. O-O {[%clk 1:29:24]} Bg7 {[%clk 1:27:23]} 9. Nc3
{[%clk 1:26:28]} O-O {[%clk 1:26:56]} 10. h3 {[%clk 1:26:03]} Bxf3
{[%clk 1:23:26]} 11. Bxf3 {[%clk 1:26:22]} Nd7 {[%clk 1:20:50]} 12. Rd1
{[%clk 1:24:20]} Rc8 {[%clk 1:18:47]} 13. Be2 {[%clk 1:22:12]} a6
{[%clk 1:13:48]} 14. Rb1 {[%clk 1:17:01]} Qa5 {[%clk 1:01:00]} 15. Bd2
{[%clk 1:14:35]} Qc5 {[%clk 0:53:59]} 16. Na4 {[%clk 1:09:20]} Qxe3
{[%clk 0:50:03]} 17. Bxe3 {[%clk 1:09:36]} a5 {[%clk 0:46:41]} 18. a3
{[%clk 1:07:26]} h5 {[%clk 0:39:45]} 19. Bf1 {[%clk 1:03:03]} Rfd8
{[%clk 0:32:53]} 20. f3 {[%clk 0:56:05]} Rb8 {[%clk 0:30:07]} 21. Rd5
{[%clk 0:44:31]} Rdc8 {[%clk 0:28:01]} 22. b3 {[%clk 0:41:34]} Nf6
{[%clk 0:26:21]} 23. Rd2 {[%clk 0:38:57]} Nd7 {[%clk 0:25:52]} 24. Kf2
{[%clk 0:31:53]} Nf8 {[%clk 0:22:10]} 25. Nb6 {[%clk 0:31:41]} Re8
{[%clk 0:20:41]} 26. Nd5 {[%clk 0:30:03]} Ne6 {[%clk 0:20:19]} 27. Rbd1
{[%clk 0:30:23]} Kf8 {[%clk 0:18:01]} 28. Be2 {[%clk 0:27:31]} Ne5
{[%clk 0:15:50]} 29. Nb6 {[%clk 0:25:44]} Kg8 {[%clk 0:14:49]} 30. b4
{[%clk 0:19:41]} Red8 {[%clk 0:11:37]} 31. f4 {[%clk 0:18:00]} Nd7
{[%clk 0:10:41]} 32. Nd5 {[%clk 0:18:29]} axb4 {[%clk 0:07:55]} 33. axb4
{[%clk 0:18:46]} Nf6 {[%clk 0:05:45]} 34. Kf3 {[%clk 0:17:49]} Kf8
{[%clk 0:05:44]} 35. Nb6 {[%clk 0:15:50]} Nd7 {[%clk 0:03:30]} 36. e5
{[%clk 0:14:39]} Nxb6 {[%clk 0:03:21]} 37. Bxb6 {[%clk 0:15:07]} Rdc8
{[%clk 0:02:37]} 38. exd6 {[%clk 0:15:17]} exd6 {[%clk 0:02:53]} 39. Rxd6
{[%clk 0:15:18]} Ra8 {[%clk 0:02:58]} 40. Rd7 {[%clk 0:43:28]} Ra3+
{[%clk 0:31:51]} 41. R1d3 {[%clk 0:37:17]} Ra4 {[%clk 0:26:01]} 42. Rb3
{[%clk 0:33:57]} Rb8 {[%clk 0:22:34]} 43. Bd1 {[%clk 0:32:19]} Ra2
{[%clk 0:20:11]} 44. Be3 {[%clk 0:31:21]} Bf6 {[%clk 0:17:10]} 45. Rbd3
{[%clk 0:29:49]} Rb2 {[%clk 0:16:05]} 46. Bb3 {[%clk 0:29:04]} b6
{[%clk 0:16:21]} 47. c5 {[%clk 0:26:53]} bxc5 {[%clk 0:15:22]} 48. Bxe6
{[%clk 0:27:11]} fxe6 {[%clk 0:15:48]} 49. Bxc5+ {[%clk 0:27:36]} Kg8
{[%clk 0:16:14]} 50. Re3 {[%clk 0:25:45]} Re8 {[%clk 0:16:29]} 51. Rdd3
{[%clk 0:23:39]} g5 {[%clk 0:14:35]} 52. fxg5 {[%clk 0:22:28]} Bxg5
{[%clk 0:15:01]} 53. Re2 {[%clk 0:22:31]} Rb1 {[%clk 0:15:18]} 54. Rd7
{[%clk 0:21:06]} Bf6 {[%clk 0:13:38]} 55. Ke4 {[%clk 0:19:00]} Bc3
{[%clk 0:13:38]} 56. Re3 {[%clk 0:18:37]} Bf6 {[%clk 0:13:37]} 57. Rg3+
{[%clk 0:16:48]} Kh8 {[%clk 0:14:06]} 58. Rf7 {[%clk 0:15:43]} Bh4
{[%clk 0:13:50]} 59. Rgg7 {[%clk 0:14:25]} Re1+ {[%clk 0:14:19]} 60. Kd3
{[%clk 0:14:41]} Bf6 {[%clk 0:14:44]} 61. Rg6 {[%clk 0:14:37]} Ba1
{[%clk 0:14:34]} 62. Rh6+ {[%clk 0:13:42]} Kg8 {[%clk 0:15:03]} 63. Ra7
{[%clk 0:13:22]} e5 {[%clk 0:12:35]} 64. Kd2 {[%clk 0:12:59]} Rb1
{[%clk 0:12:36]} 65. Rg6+ {[%clk 0:09:30]} Kh8 {[%clk 0:13:05]} 66. Kc2
{[%clk 0:09:17]} Rf1 {[%clk 0:13:16]} 67. Rh6+ {[%clk 0:09:30]} Kg8
{[%clk 0:13:45]} 68. Rxh5 {[%clk 0:09:52]} Rc8 {[%clk 0:12:45]} 69. Kd3
{[%clk 0:07:57]} Rd8+ {[%clk 0:12:38]} 70. Kc4 {[%clk 0:07:52]} Rc1+ 71. Kb5
{[%clk 0:07:51]} e4 {[%clk 0:10:03]} 72. Re7 {[%clk 0:06:37]} Rb8+
{[%clk 0:10:30]} 73. Ka4 {[%clk 0:06:51]} Ra8+ {[%clk 0:10:55]} 74. Kb5
{[%clk 0:06:12]} Rb8+ {[%clk 0:11:23]} 75. Kc6 {[%clk 0:06:08]} Rxb4
{[%clk 0:10:56]} 76. Rd5 {[%clk 0:06:00]} Rd4 {[%clk 0:10:10]} 77. Rg5+
{[%clk 0:05:27]} Kh8 {[%clk 0:10:16]} 78. Rh5+ {[%clk 0:02:22]} Kg8
{[%clk 0:10:45]} 79. Ra7 {[%clk 0:02:21]} Rd8 {[%clk 0:09:41]} 80. Rg5+
{[%clk 0:02:27]} Kh8 {[%clk 0:10:10]} 81. Rh5+ {[%clk 0:02:03]} Kg8
{[%clk 0:10:39]} 82. Rg5+ {[%clk 0:01:51]} Kh8 {[%clk 0:11:08]} 83. Rh5+
{[%clk 0:01:49]} 1/2-1/2